000 00537ntaaa2200205 4500
003 01
005 20251027202721.0
008 0714s1973 ag 01
040 _aAR-BaBN
_bspa
_cAR-BaBN
_eaacr
_dRIC
082 _a613.0000 F52
245 _aModern home medical adviser
250 _a1 ed.
260 _aGarden City, N.Y. :
_bGarden City Books,
_cc1935, 1961
300 _axxxiii, 923 p
500 _aManual médico para el hogar
650 _amedicina
_92219
650 _ahigiene
700 _aFishbein, Morris
_910537
942 _cBK
999 _c22369
_d22369